Sử dụng AutoCAD 14 phần 2D - Windows 95, 98 và NT

Giới thiệu phần vẽ, hiệu chỉnh nâng cao và tiện ích khi dùng autocad để vẽ và thiết kế các bản vẽ xây dựng, cơ khí, kiến trúc, bản đồ, sơ đồ. Ngoài ra phần phụ lục dùng để tra cứu lệnh, bảng gọi lệnh cho tất cả các lệnh của autocad 14....

Full description

Saved in:
Bibliographic Details
Main Author: Nguyễn, Hữu Lộc
Format: Book
Language:Undetermined
Published: Tp. Hồ Chí Minh Nxb Tp. Hồ Chí Minh 2003
Subjects:
Tags: Add Tag
No Tags, Be the first to tag this record!
Institutions: Trung tâm Học liệu Trường Đại học Cần Thơ
LEADER 01010nam a2200205Ia 4500
001 CTU_102218
008 210402s9999 xx 000 0 und d
082 |a 620.00420285 
082 |b L451/T.2 
100 |a Nguyễn, Hữu Lộc 
245 0 |a Sử dụng AutoCAD 14 phần 2D - Windows 95, 98 và NT 
245 0 |c Nguyễn Hữu Lộc 
260 |a Tp. Hồ Chí Minh 
260 |b Nxb Tp. Hồ Chí Minh 
260 |c 2003 
520 |a Giới thiệu phần vẽ, hiệu chỉnh nâng cao và tiện ích khi dùng autocad để vẽ và thiết kế các bản vẽ xây dựng, cơ khí, kiến trúc, bản đồ, sơ đồ. Ngoài ra phần phụ lục dùng để tra cứu lệnh, bảng gọi lệnh cho tất cả các lệnh của autocad 14. 
650 |a Autocad ( computer programs ),Computer graphics 
650 |x Computer programs 
904 |i M.Loan 
980 |a Trung tâm Học liệu Trường Đại học Cần Thơ